Geosystems : (Record no. 20336)

MARC details
000 -LEADER
fixed length control field 00589cam a22002054a 4500
001 - CONTROL NUMBER
control field 13826048
003 - CONTROL NUMBER IDENTIFIER
control field MUT
005 - DATE AND TIME OF LATEST TRANSACTION
control field 20240606081515.0
008 - FIXED-LENGTH DATA ELEMENTS--GENERAL INFORMATION
fixed length control field 041227s2006 njuab 001 0 eng
020 ## - INTERNATIONAL STANDARD BOOK NUMBER
International Standard Book Number 0536091730
040 ## - CATALOGING SOURCE
Transcribing agency MUT
050 00 - LIBRARY OF CONGRESS CALL NUMBER
Classification number GB 54.5
Item number .C49
100 ## - MAIN ENTRY--PERSONAL NAME
Personal name Christopherson, Robert W.
245 10 - TITLE STATEMENT
Title Geosystems :
Remainder of title an introduction to physical geography /
250 ## - EDITION STATEMENT
Edition statement Custom ed.
260 ## - PUBLICATION, DISTRIBUTION, ETC.
Place of publication, distribution, etc. Boston, MA
Name of publisher, distributor, etc. Pearson Prentice Hall,
Date of publication, distribution, etc. [?]
650 #0 - SUBJECT ADDED ENTRY--TOPICAL TERM
Topical term or geographic name entry element Physical geography.
700 ## - ADDED ENTRY--PERSONAL NAME
Personal name Bryne, Mary-Louise
942 ## - ADDED ENTRY ELEMENTS (KOHA)
Source of classification or shelving scheme Library of Congress Classification
Koha item type Books
Holdings
Withdrawn status Lost status Source of classification or shelving scheme Damaged status Not for loan Home library Current library Shelving location Date acquired Source of acquisition Total checkouts Full call number Barcode Date last seen Price effective from Koha item type
    Library of Congress Classification     Murang'a University of Technology Library Murang'a University of Technology Library General stacks 24/01/2020 Donation-TFC   GB 54.5 .C49 019056 30/08/2024 24/01/2020 Books